00695nam a22001937a 450000500170000001000150001702000270003203500140005903700090007308200110008210000290009324500570012226000520017927000730023130000200030494200260032499900190035095201320036920240508163945.0 aENG-140184 c1995.00a9789390649952 aEN-123716 bDBAD a796.01 aSharma Raj Kumar 965979 aEssential of Sports Psychology/cBy Raj Kumar Sharma aNew Delhi bFriends Publications ( India)c2022 a101-103, 4787/23, Ansari Road, Daryaganj, New Delhi bDelhi e110002 a295p.c24cm(pb) 2ddccENmSHA h796.01 c202217d202217 001040708NFICaAVbAVd2024-04-16eDBADg1995.00l0oSHA 796.01pEN-123716r2024-04-16 00:00:00t1v1995.00w2024-04-16yEN